| 000 | 00363nam a2200133Ia 4500 | ||
|---|---|---|---|
| 999 |
_c13583 _d13583 |
||
| 082 | _aRR 327.03 GUP-E | ||
| 100 | _aGupta, M.G; | ||
| 245 | 0 | _aEncyclopaedia of contemporary international affairs | |
| 260 |
_aAgra _bY.K. Publishers _c1987 |
||
| 300 | _a454p. | ||
| 500 | _aContents: Vol.2.(J-Z) | ||
| 650 | _aInternational relations - Encyclopaedias | ||
| 942 | _cBK | ||